| 000 | 00595nam a2200181 a 4500 | ||
|---|---|---|---|
| 001 | 000036262 | ||
| 005 | 20200930075632.0 | ||
| 008 | 120111s1988 es 000 0 spa d | ||
| 040 |
_aDO-SdBNP _bspa _cBNPHU |
||
| 100 | 1 |
_aArroyo Gordo, María del Pilar _962365 |
|
| 245 | 1 | 0 |
_aÉtica y legislación en enfermeria / _cMa Pilar Arroyo Gordo , Alfonso Serrano Gil. |
| 260 |
_aMadrid : _bInteramericana-McGraw-Hill, _c1988. |
||
| 300 |
_a248 p. ; _c26 cm. |
||
| 500 | _aIncluye índice analítico | ||
| 500 | _aBibliografía : p. 245-246 | ||
| 700 | 1 | 2 |
_aSerrano Gil, Alfonso _962366 |
| 049 | _aBNPD | ||
| 999 |
_c35753 _d35753 |
||